00437pam a2200169 a 4500020000500000040002500005041001300030082001300043100001600056245006200072250001400134260004000148300001300188365001200201653003700213700001700250 c aMedical College Lib. aENGhENG a617bROB aRob, C. . aOperative Surgery Nose and Throat / chTextual Documents a4th / b. a : bButterworth Varghese , c1986. a826 ; c a3995.00 aSurgeryaE.N.T.aMedical Science aSmit, R. .